| 000 | 01303nam a2200289 a 4500 | ||
|---|---|---|---|
| 003 | OSt | ||
| 005 | 20241125131027.0 | ||
| 007 | cr ||||||a|c|a | ||
| 008 | 231206s2023 mx ||||fom||| 001 0 spa d | ||
| 040 | _erda | ||
| 100 | 1 |
_9188410 _aRodríguez Peralta, Juan |
|
| 245 | 1 | 0 |
_aComportamiento productivo, parámetros ruminales y características de canal de corderos en finalización suplementados con ácidos hidroxicinámicos : _bun metaanálisis / _cpor Juan Rodríguez Peralta; director de tesis José Felipe Orzuna Orzuna |
| 264 | 1 |
_aChapingo, México : _bEl autor, _c2023. |
|
| 300 |
_a1 recurso en línea (44 páginas): _bcuadros, figuras |
||
| 336 |
_2rdacontent _atexto _btxt |
||
| 337 |
_2rdamedia _acomputadora _bc |
||
| 338 |
_2rdacarrier _arecurso en línea _bcr |
||
| 502 |
_bIAEZ _cZootecnía _d2023 _gLIC |
||
| 504 | _aIncluye referencias bibliográficas: páginas 35-44 | ||
| 650 | 4 |
_9144079 _aAlimentación de corderos |
|
| 650 | 4 |
_9144098 _aMetabolismo Ruminal |
|
| 650 | 4 |
_945219 _aGanado lanar _xRendimiento |
|
| 650 | 4 |
_919123 _aCarne de borrego en canal |
|
| 700 | 1 |
_9137135 _aOrzuna Orzuna, José Felipe _eDirector de tesis |
|
| 856 |
_uhttp://10.13.5.2/tesis/tl/1412190-7_RODRIGUEZ_PERALTA_JUAN.pdf _zDESCARGAR PDF |
||
| 942 |
_2Clasificación Universidad Autónoma Chapingo _cTD |
||
| 999 |
_c219500 _d219500 |
||